Forecasting of rubber prices in the Sri Lankan market using multiple temporal aggregation (MTA) (Record no. 75741)

MARC details
000 -LEADER
fixed length control field 00740nam a22001577a 4500
100 ## - MAIN ENTRY--AUTHOR NAME
Personal name Wijesuriya, W.
245 ## - TITLE STATEMENT
Title Forecasting of rubber prices in the Sri Lankan market using multiple temporal aggregation (MTA)
260 ## - PUBLICATION, DISTRIBUTION, ETC. (IMPRINT)
Name of publisher Natural Rubber Industry: Way forward for the Competitiveness and Sustainability: Proceedings of the International Rubber Conference 2019, 30 September- 1st October 2019, International Rubber Research and Development Board and Myanmar Rubber Planters and Producers Association, Nai Pyi Taw, Myanmar, pp. 319-327.
Year of publication 2022
650 ## - SUBJECT ADDED ENTRY--TOPICAL TERM
Topical Term MAPA package in R
650 ## - SUBJECT ADDED ENTRY--TOPICAL TERM
Topical Term Rubber prices
700 ## - ADDED ENTRY--PERSONAL NAME
Personal name Herath, H.M.I.K.
700 ## - ADDED ENTRY--PERSONAL NAME
Personal name Ishani, P.G.N.
700 ## - ADDED ENTRY--PERSONAL NAME
Personal name Sankalpa, J.K.S
942 ## - ADDED ENTRY ELEMENTS (KOHA)
Koha item type Articles
Holdings
Withdrawn status Lost status Damaged status Not for loan Home library Current library Date acquired Koha item type
        RRII Library RRII Library 03/11/2025 Articles